Statistics for Korean Cities - Map Quiz

Click here to take the quiz!

General Stats

  • This quiz has been taken 121 times
  • The average score is 9 of 15

Answers on the Map

Answers color-coded by a green-red scale on the quiz's map according to % correct below.
 

Answer Stats

Answer% Correct
Busan
86%
Jeju City
85%
Pyongyang
84%
Seoul
82%
Incheon
79%
Daegu
68%
Gwangju
60%
Daejeon
55%
Ulsan
53%
Hamhung
49%
Suwon
47%
Chongjin
40%
Sinuiju
38%
Nampo
36%
Rason
27%

Score Distribution

Percentile by Number Answered

Percent of People with Each Score

Your Score History

You have not taken this quiz